स्वत्व भारतीय विकासाचे उद्यमशीलता , उद्द्योग आणि तंत्रज्ञानाचे (Record no. 370208)

MARC details
000 -LEADER
fixed length control field 00580 a2200145 4500
003 - CONTROL NUMBER IDENTIFIER
control field OSt
005 - DATE AND TIME OF LATEST TRANSACTION
control field 20260211140320.0
008 - FIXED-LENGTH DATA ELEMENTS--GENERAL INFORMATION
fixed length control field 260211b |||||||| |||| 00| 0 eng d
020 ## - INTERNATIONAL STANDARD BOOK NUMBER
International Standard Book Number 9789391558550
100 ## - MAIN ENTRY--PERSONAL NAME
Personal name जोशी वि.
9 (RLIN) 52006
245 ## - TITLE STATEMENT
Title स्वत्व भारतीय विकासाचे उद्यमशीलता , उद्द्योग आणि तंत्रज्ञानाचे
260 ## - PUBLICATION, DISTRIBUTION, ETC. (IMPRINT)
Name of publisher, distributor, etc. भारतीय विचार साधना प्रकाशन
Date of publication, distribution, etc. 2022
Place of publication, distribution, etc. पुणे
300 ## - PHYSICAL DESCRIPTION
Extent 68pp.
942 ## - ADDED ENTRY ELEMENTS (KOHA)
Koha item type Books
Source of classification or shelving scheme Dewey Decimal Classification
Holdings
Withdrawn status Lost status Source of classification or shelving scheme Damaged status Not for loan Collection code Home library Current library Date acquired Vendor Cost, normal purchase price Total Checkouts Barcode Date last seen Cost, replacement price Bill Date Koha item type Original Barcode
    Dewey Decimal Classification     MCA MKSSS s K.B. Joshi Institute of Information Technology Library MKSSS s K.B. Joshi Institute of Information Technology Library 03/02/2026 188 52.50   KBJP-BK-3022 03/02/2026 75.00 03/02/2026 Books 3022